[Event "AUT-chT 2001-2002"]
[Site ""]
[Date "2001.10.31"]
[Round "1.1.1"]
[White "BLATNY, Pavel"]
[Black "BISCHOFF, Klaus"]
[Result "1/2-1/2"]
[WhiteElo "2458"]
[BlackElo "2541"]
[PlyCount "213"]
[EventDate "2001.10.31"]

1. d4 Nf6 2. e3 e6 3. f4 c5 4. c3 cxd4 5. exd4 g6 6. Bd3 Bg7 7. Nf3 O-O 8. O-O
b6 9. Qe2 Bb7 10. Nbd2 d6 11. a4 Nc6 12. Nc4 Re8 13. Bd2 a6 14. Ne3 Ne7 15. Nd1
Nf5 16. Nf2 Qc7 17. Bc2 h5 18. Rae1 Bxf3 19. Qxf3 Nxd4 20. Qd1 Nxc2 21. Qxc2 b5
22. h3 h4 23. Ng4 Nh5 24. Be3 Ng3 25. Rf3 Nf5 26. Bf2 Rac8 27. axb5 axb5 28.
Qe2 Qc4 29. Ne3 Qxe2 30. Rxe2 Nxe3 31. Rfxe3 Rc4 32. Bxh4 b4 33. Rd3 bxc3 34.
bxc3 Rxf4 35. Bg3 Rc4 36. Rxd6 Rxc3 37. Kh2 Rc4 38. Rd7 Rd4 39. Rb7 Red8 40.
Rc2 R4d7 41. Rxd7 Rxd7 42. Rc8+ Kh7 43. Rc7 Rxc7 44. Bxc7 f5 45. Kg3 e5 46. Kf3
Kg8 47. Ke2 Kf7 48. Ba5 Ke6 49. Bd2 e4 50. Bc1 Be5 51. Bd2 f4 52. Bb4 Kf5 53.
Bc5 Bf6 54. Bf2 Bc3 55. Bc5 Ba5 56. Ba7 Bb4 57. Bb6 Ke6 58. Bc7 Bd6 59. Bb6 Kd5
60. Ba7 Bc5 61. Bb8 g5 62. Bc7 Ke6 63. Bd8 Kf5 64. Ba5 Kg6 65. Bc3 Kh5 66. Ba5
Bg1 67. Bb4 Bh2 68. Ba5 Kh4 69. Be1+ Bg3 70. Bd2 Kh5 71. Bb4 Kg6 72. Bc5 Kf5
73. Bb6 g4 74. hxg4+ Kxg4 75. Bc5 Bh4 76. Bb6 Bf6 77. Kf2 Bb2 78. Ba7 Bc1 79.
Bb6 Ba3 80. Ba7 Be7 81. Bb6 Bh4+ 82. Ke2 Bg5 83. Kf2 e3+ 84. Kf1 Bh4 85. Ke2
Bf2 86. Kf1 Kg3 87. Bc7 Kg4 88. Bb6 Bh4 89. Ke2 Bg5 90. Kf1 Kg3 91. Bc7 Bf6 92.
Bb8 Bd4 93. Bc7 Kg4 94. Ke2 Bc5 95. Bb8 Be7 96. Ba7 Bg5 97. Kf1 Bh4 98. Ke2 Bf2
99. Kf1 Kf5 100. Ke2 Ke4 101. Bb8 Bg1 102. Bc7 Bh2 103. Bb6 Bg3 104. Ba7 Bh4
105. Bb6 Bf2 106. Bc7 Bg1 107. Bb8 1/2-1/2

[Event "AUT-chT 2001-2002"]
[Site ""]
[Date "2001.10.31"]
[Round "1.1.2"]
[White "HORVATH, Jozsef"]
[Black "POPOVIC, Petar"]
[Result "1-0"]
[WhiteElo "2551"]
[BlackElo "2532"]
[PlyCount "81"]
[EventDate "2001.10.31"]

1. Nf3 Nf6 2. c4 g6 3. b3 d6 4. Bb2 e5 5. g3 Bg7 6. Bg2 O-O 7. O-O Re8 8. d3 c6
9. Nbd2 Nbd7 10. Qc2 a5 11. a3 Qe7 12. e4 b6 13. Rfe1 Bb7 14. d4 c5 15. d5 Rf8
16. Rf1 Ne8 17. Bh3 Nc7 18. Ne1 b5 19. a4 b4 20. Nd3 Rae8 21. Rae1 Bc8 22. f4
f6 23. Qd1 Bh6 24. Nf3 Qg7 25. Bc1 Re7 26. Nf2 exf4 27. gxf4 Rfe8 28. Qc2 Qh8
29. Kh1 Bg7 30. Rg1 Kf8 31. Rg3 Nb6 32. Bxc8 Nxc8 33. Reg1 Nb6 34. Bb2 Nd7 35.
Qd3 Qg8 36. Nh4 Qf7 37. Nxg6+ hxg6 38. Rxg6 Qg8 39. Qg3 Qh7 40. f5 Kf7 41.
Rxg7+ 1-0

[Event "AUT-chT 2001-2002"]
[Site ""]
[Date "2001.10.31"]
[Round "1.1.3"]
[White "LOEFFLER, Stefan"]
[Black "HOELZL, Franz"]
[Result "0-1"]
[WhiteElo "2400"]
[BlackElo "2369"]
[PlyCount "71"]
[EventDate "2001.10.31"]

1. d4 Nf6 2. Nf3 d5 3. c4 e6 4. Bg5 Bb4+ 5. Nc3 dxc4 6. Qa4+ Nc6 7. e4 Bd7 8.
Qc2 h6 9. Bd2 Na5 10. Be2 c5 11. dxc5 Bc6 12. O-O Nd7 13. Nb5 Bxc5 14. Nbd4 Nf6
15. Bxa5 Qxa5 16. Nxc6 bxc6 17. Qxc4 O-O 18. e5 Nd5 19. Rfc1 Bb6 20. Qxc6 Rab8
21. a3 Nf4 22. Bf1 Rfd8 23. Qe4 Ng6 24. Bc4 Qa4 25. Bd5 Qxe4 26. Bxe4 Nf4 27.
Kf1 g5 28. h3 Bd4 29. Nxd4 Rxd4 30. Bc2 Rxb2 31. Rab1 Ra2 32. Ra1 Rxa1 33. Rxa1
Rc4 34. Ra2 Rc5 35. a4 Nd5 36. Bb3 0-1

[Event "AUT-chT 2001-2002"]
[Site ""]
[Date "2001.10.31"]
[Round "1.1.4"]
[White "STEFLITSCH, Erich"]
[Black "PENZ, Harald"]
[Result "1-0"]
[WhiteElo "2371"]
[BlackElo "2351"]
[PlyCount "101"]
[EventDate "2001.10.31"]

1. e4 e5 2. Nf3 Nf6 3. d4 Nxe4 4. Bd3 d5 5. Nxe5 Nd7 6. Nxd7 Bxd7 7. O-O Be7 8.
c4 Nf6 9. Nc3 dxc4 10. Bxc4 O-O 11. Re1 Bf5 12. Bg5 Bg6 13. Qf3 c6 14. Rad1 Bh5
15. Bxf6 Bxf3 16. Bxe7 Qd7 17. gxf3 Rfe8 18. Bg5 Qf5 19. Be3 Qxf3 20. Be2 Qf5
21. Kh1 b5 22. Bf1 a6 23. Bg2 Rac8 24. Ne2 Re7 25. Nf4 Qc2 26. Nd3 Qc4 27. b3
Qc2 28. Rd2 Qc3 29. Rc1 Qa5 30. Rdc2 h6 31. d5 Rd8 32. b4 Qa3 33. Rc3 Qxa2 34.
dxc6 Qe2 35. Re1 Qg4 36. h3 Qf5 37. Nf4 g5 38. Ne2 Qe5 39. Rcc1 Qc7 40. Nc3 Re5
41. Bc5 Rd3 42. Rxe5 Qxe5 43. Ne4 Qb2 44. Rf1 Qe5 45. Bb6 Qb8 46. c7 Qc8 47.
Re1 Kg7 48. Ng3 Rd6 49. Ba5 Rd7 50. Rc1 Rd2 51. Kg1 1-0

[Event "AUT-chT 2001-2002"]
[Site ""]
[Date "2001.10.31"]
[Round "1.1.5"]
[White "ROTH, Peter"]
[Black "PETSCHAR, Kurt"]
[Result "1/2-1/2"]
[WhiteElo "2327"]
[BlackElo "2321"]
[PlyCount "22"]
[EventDate "2001.10.31"]

1. e4 Nf6 2. Nc3 e5 3. Bc4 Nc6 4. d3 Na5 5. Bb3 Nxb3 6. axb3 d5 7. exd5 Nxd5 8.
Qe2 Nxc3 9. Qxe5+ Be7 10. bxc3 O-O 11. Ne2 Re8 1/2-1/2

[Event "AUT-chT 2001-2002"]
[Site ""]
[Date "2001.10.31"]
[Round "1.1.6"]
[White "TITZ, Heimo"]
[Black "JANETSCHEK, Karl"]
[Result "1/2-1/2"]
[WhiteElo "2306"]
[BlackElo "2326"]
[PlyCount "77"]
[EventDate "2001.10.31"]

1. c4 c5 2. Nc3 g6 3. Nf3 Bg7 4. e3 Nf6 5. d4 O-O 6. Be2 d6 7. O-O Bf5 8. d5
Ne4 9. Nxe4 Bxe4 10. Nd2 Bf5 11. e4 Bd7 12. Nb1 e6 13. Nc3 exd5 14. exd5 Re8
15. Bf4 Be5 16. Bg3 f5 17. Qd2 Qf6 18. f4 Bd4+ 19. Bf2 Na6 20. Rad1 Bxf2+ 21.
Rxf2 Re7 22. Bf1 Rae8 23. Re2 Rxe2 24. Bxe2 Nc7 25. g3 a6 26. a4 Qd8 27. a5 Re7
28. Rb1 Ne8 29. b4 cxb4 30. Rxb4 Qxa5 31. Rxb7 Nf6 32. Kf1 Kf7 33. Qd4 Bc8 34.
Rb6 Qa3 35. c5 Qxc5 36. Qxc5 dxc5 37. Bxa6 Bxa6+ 38. Rxa6 Rd7 39. Rc6 1/2-1/2

[Event "AUT-chT 2001-2002"]
[Site ""]
[Date "2001.10.31"]
[Round "1.2.1"]
[White "MUELLER, Karsten"]
[Black "WELLS, Peter"]
[Result "1-0"]
[WhiteElo "2506"]
[BlackElo "2517"]
[PlyCount "107"]
[EventDate "2001.10.31"]

1. e4 c6 2. c4 d5 3. exd5 cxd5 4. cxd5 Nf6 5. Nc3 Nxd5 6. Bc4 Nb6 7. Bb3 Nc6 8.
Nf3 Bf5 9. d4 e6 10. O-O Be7 11. Be3 O-O 12. Ne5 Nxe5 13. dxe5 Bb4 14. Rc1 Qb8
15. f4 Rd8 16. Qf3 Rd3 17. Ne4 Nd5 18. Bxd5 Rxd5 19. Rc4 Bf8 20. g4 Bxe4 21.
Rxe4 Qe8 22. Rd4 Rxd4 23. Bxd4 Qa4 24. Bc3 Qxa2 25. Qxb7 Rd8 26. Qe4 a5 27. f5
h6 28. h4 a4 29. fxe6 Qxe6 30. Qxa4 h5 31. Qe4 hxg4 32. Kg2 Be7 33. h5 Rc8 34.
Rf4 Qa2 35. e6 Qxe6 36. Qxe6 fxe6 37. Rxg4 Bf8 38. h6 g5 39. Rxg5+ Kh7 40. Bg7
Rc2+ 41. Kf3 Bxg7 42. hxg7 Kg8 43. b4 Rb2 44. Rg4 Rb3+ 45. Ke2 e5 46. Kd2 e4
47. Rxe4 Kxg7 48. Rf4 Kg6 49. Kc2 Re3 50. b5 Kg5 51. Rb4 Kf5 52. b6 Re8 53. b7
Rb8 54. Kb3 1-0

[Event "AUT-chT 2001-2002"]
[Site ""]
[Date "2001.10.31"]
[Round "1.2.2"]
[White "RABIEGA, Robert"]
[Black "POLZIN, Rainer"]
[Result "1/2-1/2"]
[WhiteElo "2503"]
[BlackElo "2469"]
[PlyCount "120"]
[EventDate "2001.10.31"]

1. e4 g6 2. d4 Bg7 3. Nf3 d6 4. c3 Nf6 5. Bd3 O-O 6. O-O Nc6 7. Re1 e5 8. Na3
Bg4 9. Nc2 d5 10. Bg5 dxe4 11. Bxe4 h6 12. Bxc6 hxg5 13. dxe5 bxc6 14. Qxd8
Rfxd8 15. exf6 Bxf6 16. Ne5 Be6 17. Nxc6 Rd2 18. N2d4 Bd5 19. Ne7+ Bxe7 20.
Rxe7 Rxb2 21. a4 Rab8 22. h3 c5 23. Nb5 a6 24. Nc7 Bc4 25. Re5 Rb1+ 26. Rxb1
Rxb1+ 27. Kh2 Ra1 28. Rxg5 Rxa4 29. Rxc5 a5 30. Nd5 Bxd5 31. Rxd5 Rc4 32. Rxa5
Rxc3 33. g4 Kg7 34. Kg2 Rb3 35. f3 Rc3 36. h4 Rb3 37. Kg3 Rc3 38. h5 gxh5 39.
Rg5+ Kf6 40. Rxh5 Kg6 41. Ra5 Rb3 42. Ra6+ f6 43. Ra4 Kg5 44. Rd4 Ra3 45. Rd5+
Kg6 46. Kf4 Ra4+ 47. Ke3 Ra3+ 48. Ke4 Ra4+ 49. Rd4 Rxd4+ 50. Kxd4 f5 51. g5
Kxg5 52. Ke5 f4 53. Ke4 Kg6 54. Kxf4 Kf6 55. Kg4 Kg6 56. f4 Kf6 57. f5 Kf7 58.
Kg5 Kg7 59. f6+ Kf7 60. Kh6 Kxf6 1/2-1/2

[Event "AUT-chT 2001-2002"]
[Site ""]
[Date "2001.10.31"]
[Round "1.2.3"]
[White "SCHWARZ, Michael"]
[Black "MUSE, Mladen"]
[Result "1/2-1/2"]
[WhiteElo "2389"]
[BlackElo "2487"]
[PlyCount "127"]
[EventDate "2001.10.31"]

1. d4 Nf6 2. Nf3 d6 3. g3 g6 4. Bg2 Bg7 5. O-O O-O 6. b3 c6 7. Bb2 Qa5 8. Qd2
Qh5 9. Qg5 Qxg5 10. Nxg5 a5 11. Nd2 a4 12. c4 Nfd7 13. Rab1 Na6 14. Bc3 c5 15.
Ngf3 axb3 16. axb3 Ndb8 17. Rfc1 Nc6 18. d5 Bxc3 19. Rxc3 Ncb4 20. Ra1 Bd7 21.
Bf1 Nc7 22. Rcc1 b5 23. e3 bxc4 24. bxc4 Ba4 25. Ne1 Rfb8 26. Ra3 Ra6 27. Rca1
Rba8 28. Nb1 Bb3 29. Rxa6 Rxa6 30. Rxa6 Nbxa6 31. Nd2 Bd1 32. Nd3 Nb4 33. Nb2
Bc2 34. Be2 Kf8 35. Bd1 e6 36. Bxc2 Nxc2 37. e4 Ke7 38. f3 f5 39. Kf2 Nd4 40.
Nd3 fxe4 41. fxe4 e5 42. Nf3 Na6 43. Ke3 Nb3 44. Nd2 Na5 45. Nc1 Nb4 46. Ncb3
Nb7 47. Nf3 Nc2+ 48. Kd3 Nd4 49. Nbd2 Kf6 50. h4 h6 51. g4 Ke7 52. g5 hxg5 53.
hxg5 Nd8 54. Nh4 Nf7 55. Ndf3 Kd8 56. Ke3 Kc7 57. Nxg6 Nxf3 58. Kxf3 Nxg5+ 59.
Ke3 Kb6 60. Ne7 Ka5 61. Kd3 Kb4 62. Nc8 Nf7 63. Na7 Ka4 64. Kc3 1/2-1/2

[Event "AUT-chT 2001-2002"]
[Site ""]
[Date "2001.10.31"]
[Round "1.2.4"]
[White "FROSCH, Erich"]
[Black "KOTZ, Heinz Peter"]
[Result "1-0"]
[WhiteElo "2339"]
[BlackElo "2364"]
[PlyCount "69"]
[EventDate "2001.10.31"]

1. d4 Nf6 2. c4 g6 3. Nc3 Bg7 4. e4 d6 5. Nf3 O-O 6. Be2 e5 7. O-O Nc6 8. d5
Ne7 9. b4 a5 10. Ba3 axb4 11. Bxb4 b6 12. a4 Re8 13. a5 c5 14. dxc6 Nxc6 15.
Bxd6 Nd4 16. Ba3 Rxa5 17. Nd2 Bb7 18. Nd5 Nxd5 19. exd5 e4 20. Nb3 Nxb3 21.
Qxb3 e3 22. Rad1 Qa8 23. Rd3 Bc8 24. g4 b5 25. c5 b4 26. Qxb4 Ra4 27. Qb5 Bxg4
28. Bxg4 Rxg4+ 29. Kh1 e2 30. Re1 Bc3 31. Rxc3 Qxd5+ 32. f3 Re6 33. Rd3 Qa8 34.
Qd7 Re8 35. Qxg4 1-0

[Event "AUT-chT 2001-2002"]
[Site ""]
[Date "2001.10.31"]
[Round "1.2.5"]
[White "PERHINIG, Robert"]
[Black "FAHRNER, Kurt"]
[Result "1/2-1/2"]
[WhiteElo "2191"]
[BlackElo "2367"]
[PlyCount "69"]
[EventDate "2001.10.31"]

1. d4 d5 2. Bf4 c6 3. e3 Qb6 4. Qc1 Nf6 5. c4 Be6 6. c5 Qa5+ 7. Qc3 Qxc3+ 8.
Nxc3 Nh5 9. Bxb8 Rxb8 10. b4 Nf6 11. Bd3 g6 12. Nf3 Bf5 13. Be2 Ne4 14. Nxe4
Bxe4 15. O-O Bg7 16. Rac1 O-O 17. Ne5 Rfd8 18. f3 Bf5 19. g4 Be6 20. f4 f6 21.
Nd3 Bd7 22. h4 e5 23. fxe5 fxe5 24. Nxe5 Bxe5 25. dxe5 Re8 26. Rf4 Rxe5 27. Rc3
Rbe8 28. Kf2 Re4 29. Bf3 d4 30. Bxe4 dxc3 31. Ke2 Rd8 32. Kd3 Bxg4+ 33. Kxc3
Be6 34. a4 Bd5 35. Bxd5+ 1/2-1/2

[Event "AUT-chT 2001-2002"]
[Site ""]
[Date "2001.10.31"]
[Round "1.2.6"]
[White "LOEBLER, Heimo"]
[Black "POELTL, Thomas"]
[Result "1/2-1/2"]
[WhiteElo "2232"]
[BlackElo "2168"]
[PlyCount "29"]
[EventDate "2001.10.31"]

1. d4 d5 2. c4 c6 3. Nc3 e6 4. e3 f5 5. f4 Nf6 6. Nf3 Nbd7 7. Bd3 Ne4 8. O-O
Ndf6 9. Qc2 Be7 10. Rb1 O-O 11. b4 Bd7 12. Bd2 Rc8 13. c5 b5 14. a4 a6 15. Ne5
1/2-1/2

[Event "AUT-chT 2001-2002"]
[Site ""]
[Date "2001.10.31"]
[Round "1.3.2"]
[White "LUTHER, Thomas"]
[Black "BAUMEGGER, Siegfried"]
[Result "1-0"]
[WhiteElo "2604"]
[BlackElo "2395"]
[PlyCount "62"]
[EventDate "2001.10.31"]

1. e4 e5 2. Nf3 Nc6 3. Bb5 a6 4. Ba4 Nf6 5. O-O Nxe4 6. d4 b5 7. Bb3 d5 8. dxe5
Be6 9. Nbd2 Nc5 10. c3 Be7 11. Bc2 Bg4 12. Re1 O-O 13. Nb3 Nxb3 14. Bxb3 Be6
15. Qd3 Qd7 16. Ng5 g6 17. Qg3 Na5 18. Bd1 Bf5 19. Qh4 h5 20. Qg3 Kh8 21. Bf3
Nb7 22. Be3 Nd8 23. Rad1 c6 24. Ne4 Bxe4 25. Bxe4 Ne6 26. Bb1 Qd8 27. Rf1 Ng7
28. f4 h4 29. Qh3 Rg8 30. f5 gxf5 31. Bxf5 Ra7 1-0

[Event "AUT-chT 2001-2002"]
[Site ""]
[Date "2001.10.31"]
[Round "1.3.3"]
[White "WACH, Markus"]
[Black "STANEC, Nikolaus"]
[Result "1/2-1/2"]
[WhiteElo "2386"]
[BlackElo "2512"]
[PlyCount "84"]
[EventDate "2001.10.31"]

1. e4 d5 2. exd5 Qxd5 3. Nc3 Qa5 4. d4 c6 5. Nf3 Bf5 6. Bc4 e6 7. Bd2 Nf6 8.
Ne4 Qc7 9. Ng3 Bg6 10. h4 Nh5 11. Ne5 Nxg3 12. fxg3 Nd7 13. Bf4 Nxe5 14. Bxe5
Bd6 15. Qe2 Bxe5 16. dxe5 Qa5+ 17. c3 b5 18. h5 Bxh5 19. Rxh5 bxc4 20. Qxc4 Qd5
21. Qxd5 cxd5 22. O-O-O h6 23. Rd4 O-O 24. Rhh4 Rfc8 25. Ra4 a5 26. Ra3 Rc5 27.
b4 Rb5 28. Rxa5 Raxa5 29. bxa5 Rxa5 30. a4 Kf8 31. Kc2 Ke7 32. Kb3 Ra7 33. Rb4
Kd7 34. Rb8 Kc7 35. Rg8 g6 36. Kb4 Kb6 37. Rd8 Rb7 38. Rd6+ Kc7+ 39. Kc5 Rb3
40. Rc6+ Kd7 41. Rd6+ Kc7 42. Rc6+ Kd7 1/2-1/2

[Event "AUT-chT 2001-2002"]
[Site ""]
[Date "2001.10.31"]
[Round "1.3.6"]
[White "WATZKA, Horst"]
[Black "POSTL, Anton"]
[Result "1/2-1/2"]
[WhiteElo "2364"]
[BlackElo "2283"]
[PlyCount "65"]
[EventDate "2001.10.31"]

1. e4 c5 2. Nf3 d6 3. c3 Nf6 4. Be2 g6 5. O-O Bg7 6. Bb5+ Bd7 7. Bxd7+ Nbxd7 8.
Re1 O-O 9. d4 d5 10. e5 Ne4 11. Qb3 Nb6 12. Nbd2 cxd4 13. cxd4 Nxd2 14. Bxd2
Qd7 15. Qd3 Nc4 16. Bc1 Qf5 17. Qd1 Rac8 18. Qa4 f6 19. e6 Nd6 20. Qxa7 Rc2 21.
Qb6 g5 22. Rf1 Qxe6 23. Be3 Rfc8 24. h3 Qd7 25. b3 g4 26. hxg4 Qxg4 27. Rfe1 h5
28. Qa5 b5 29. Nh2 Qf5 30. a4 h4 31. axb5 Bh6 32. Nf3 Qg4 33. Nh2 1/2-1/2

[Event "AUT-chT 2001-2002"]
[Site ""]
[Date "2001.10.31"]
[Round "1.4.1"]
[White "HICKL, Joerg"]
[Black "BOENSCH, Uwe"]
[Result "1/2-1/2"]
[WhiteElo "2600"]
[BlackElo "2542"]
[PlyCount "88"]
[EventDate "2001.10.31"]

1. c4 e6 2. Nf3 d5 3. b3 d4 4. g3 c5 5. Bg2 Nc6 6. O-O e5 7. d3 f6 8. Na3 Bg4
9. Nc2 Qd7 10. a3 Bd6 11. Rb1 Rc8 12. b4 b6 13. e3 Nge7 14. Re1 O-O 15. Qe2
dxe3 16. Bxe3 Nf5 17. Qf1 Nxe3 18. Rxe3 Kh8 19. Ree1 Be6 20. b5 Ne7 21. a4 Bc7
22. Ra1 Rcd8 23. Ra3 Bf5 24. Re3 Qc8 25. Na1 a5 26. bxa6 Qxa6 27. Nb3 Qc8 28.
Nfd2 Qd7 29. a5 bxa5 30. Qa1 Bb6 31. Nxa5 Qc7 32. Ne4 Bg6 33. Nc3 Bxa5 34. Nb5
Qc8 35. Rxa5 Nc6 36. Na7 Nxa7 37. Rxa7 Qg4 38. Bf1 Qe6 39. Qa3 Qd6 40. Ra6 Qe7
41. Re1 Rd7 42. Rb1 Rfd8 43. Ra8 Qd6 44. Rb3 h6 1/2-1/2

[Event "AUT-chT 2001-2002"]
[Site ""]
[Date "2001.10.31"]
[Round "1.4.4"]
[White "ELLERS, Holger"]
[Black "NAUMANN, Alexander"]
[Result "1/2-1/2"]
[WhiteElo "2444"]
[BlackElo "2485"]
[PlyCount "61"]
[EventDate "2001.10.31"]

1. d4 d5 2. c4 c6 3. Nf3 Nf6 4. Nc3 dxc4 5. a4 Bf5 6. e3 e6 7. Bxc4 Bb4 8. O-O
Nbd7 9. Qe2 Bg6 10. e4 Bxc3 11. bxc3 Nxe4 12. Ba3 Qc7 13. Rfe1 c5 14. d5 O-O-O
15. dxe6 fxe6 16. Bc1 h6 17. a5 a6 18. Bxe6 Rhe8 19. Qc4 Kb8 20. g3 Nd6 21. Qg4
Nf8 22. Bf4 Rxe6 23. Rxe6 Nxe6 24. Qxe6 Bf7 25. Qe3 g5 26. Be5 Kc8 27. Rd1 Qc6
28. Rxd6 Rxd6 29. Bxd6 Qxd6 30. Ne5 Bd5 31. f4 1/2-1/2

[Event "AUT-chT 2001-2002"]
[Site ""]
[Date "2001.10.31"]
[Round "1.4.5"]
[White "GAERTNER, Guntram"]
[Black "BLAAS, Hansjoerg"]
[Result "0-1"]
[WhiteElo "2392"]
[BlackElo "2216"]
[PlyCount "110"]
[EventDate "2001.10.31"]

1. d4 d5 2. c4 e6 3. Nc3 f5 4. Nf3 c6 5. Bf4 Nf6 6. e3 Be7 7. Bd3 O-O 8. O-O
Bd7 9. Qb3 b6 10. Rac1 h6 11. Bxb8 Rxb8 12. Ne5 Bd6 13. f4 Bxe5 14. dxe5 Ng4
15. Rce1 b5 16. cxd5 cxd5 17. Nd1 h5 18. h3 Nh6 19. Nc3 g5 20. Nxd5 exd5 21.
Qxd5+ Nf7 22. Rd1 Rb6 23. Be2 Be6 24. Qc5 Qc8 25. Qe7 Re8 26. Qb4 g4 27. hxg4
hxg4 28. b3 a6 29. Qe1 Qc7 30. e4 Qc5+ 31. Qf2 Qxf2+ 32. Rxf2 Rc6 33. Bd3 Nh6
34. g3 Ra8 35. Rfd2 Kf8 36. Kf2 Ke7 37. Ke3 Rc3 38. Kf2 Rd8 39. exf5 Nxf5 40.
Bxf5 Rxd2+ 41. Rxd2 Bxf5 42. Rd6 Rf3+ 43. Ke2 Rxg3 44. Rf6 Bd3+ 45. Kd2 Rf3 46.
Rxa6 g3 47. Ra7+ Kf8 48. Ra8+ Kf7 49. Ra7+ Kg8 50. Ra8+ Kg7 51. Ra7+ Kh6 52. e6
g2 53. e7 g1=Q 54. Ra6+ Kh7 55. e8=Q Qf2+ 0-1

[Event "AUT-chT 2001-2002"]
[Site ""]
[Date "2001.10.31"]
[Round "1.4.6"]
[White "HOELLRIGL, Wilfried"]
[Black "THOMA, Robert"]
[Result "1/2-1/2"]
[WhiteElo "2196"]
[BlackElo "2358"]
[PlyCount "150"]
[EventDate "2001.10.31"]

1. e4 e6 2. d4 d5 3. e5 c5 4. c3 Nc6 5. Nf3 Bd7 6. a3 Rc8 7. b4 cxd4 8. cxd4
Qb6 9. Be3 Nh6 10. Bd3 Nf5 11. Bxf5 exf5 12. O-O Be7 13. Nc3 Be6 14. Na4 Qd8
15. Nc5 b6 16. Nb3 O-O 17. Qd2 a5 18. b5 Na7 19. a4 Qd7 20. Rfc1 Rc4 21. Rxc4
dxc4 22. d5 cxb3 23. dxe6 Qxe6 24. Nd4 Qxe5 25. Nxb3 Rd8 26. Bd4 Qd6 27. g3 Bf6
28. Bxf6 Qxf6 29. Re1 g6 30. Qe3 Nc8 31. Nd2 Ne7 32. Qxe7 Qxe7 33. Rxe7 Rxd2
34. Rb7 Ra2 35. Rxb6 Rxa4 36. Ra6 Kg7 37. b6 Rb4 38. Rxa5 Rxb6 39. Kg2 h5 40.
h4 Rb3 41. Ra6 Rb4 42. Rc6 Ra4 43. Rb6 Rd4 44. Ra6 Rg4 45. f3 Rb4 46. f4 Rd4
47. Kf3 Rd3+ 48. Kf2 Kf8 49. Ra7 Rd6 50. Kf3 Kg7 51. Rb7 Kf6 52. Ra7 Ke6 53.
Ra5 Rd3+ 54. Kf2 Rd7 55. Kf3 Kd6 56. Kf2 Rc7 57. Kf3 Kc6 58. Kf2 Rb7 59. Kf3
Rb3+ 60. Kf2 Rb5 61. Ra7 Rb7 62. Ra5 Kb6 63. Re5 Ra7 64. Kf3 Kc6 65. Kf2 Kd6
66. Kf3 Ra3+ 67. Kf2 Ra8 68. Rb5 Kc6 69. Re5 Ra2+ 70. Kf3 Ra7 71. Kf2 Kd6 72.
Kf3 Ra3+ 73. Kf2 Ra8 74. Rb5 Ra6 75. Kf3 Ra3+ 1/2-1/2

[Event "AUT-chT 2001-2002"]
[Site ""]
[Date "2001.10.31"]
[Round "1.5.1"]
[White "LEHNER, Oliver"]
[Black "HERTNECK, Gerald"]
[Result "1/2-1/2"]
[WhiteElo "2437"]
[BlackElo "2570"]
[PlyCount "138"]
[EventDate "2001.10.31"]

1. e4 e6 2. d4 d5 3. Nc3 Nc6 4. Nf3 Nf6 5. e5 Ne4 6. a3 f5 7. exf6 Qxf6 8. Nb5
Bd6 9. Bd3 h6 10. Qe2 Ng5 11. Nxg5 hxg5 12. Qg4 e5 13. Qxg5 Nxd4 14. Nxd4 Qxg5
15. Bxg5 exd4 16. Bg6+ Kd7 17. O-O-O c5 18. c3 Kc6 19. cxd4 c4 20. Rde1 Bd7 21.
h4 Raf8 22. Rhf1 Bf4+ 23. Bxf4 Rxf4 24. g3 Rf6 25. Bc2 Bh3 26. Rh1 Bg2 27. Rh2
Rxf2 28. Rg1 Rf1+ 29. Rxf1 Bxf1 30. Rf2 Bd3 31. Bxd3 cxd3 32. Kd2 Rh6 33. Rf4
Rg6 34. g4 Kd6 35. g5 Ke7 36. Kxd3 Rb6 37. Kc3 g6 38. Rf2 Rc6+ 39. Kd3 Rb6 40.
Ke3 Rb3+ 41. Kf4 Rh3 42. Ke5 Rxh4 43. Rg2 Rh3 44. Kxd5 Rf3 45. Kc5 Rf5+ 46. d5
Kd7 47. b4 Kc7 48. Re2 b6+ 49. Kc4 Rxg5 50. Re7+ Kb8 51. d6 b5+ 52. Kd4 Kc8 53.
Rxa7 Kd8 54. Rg7 Kc8 55. Rc7+ Kd8 56. Rc5 Rh5 57. Rc7 Rg5 58. Ke4 Rh5 59. Rg7
Rg5 60. Kf4 Rf5+ 61. Kg4 Rf6 62. Rb7 Rf5 63. Rc7 Rd5 64. Rc5 Rd3 65. Rxb5 Rxa3
66. Kf4 Kd7 67. Rd5 Ra4 68. Rd4 Ra6 69. Ke5 Rb6 1/2-1/2

[Event "AUT-chT 2001-2002"]
[Site ""]
[Date "2001.10.31"]
[Round "1.5.2"]
[White "TISCHBIEREK, Raj"]
[Black "VARGA, Peter"]
[Result "1-0"]
[WhiteElo "2493"]
[BlackElo "2484"]
[PlyCount "57"]
[EventDate "2001.10.31"]

1. g3 d5 2. Bg2 c6 3. d3 Nf6 4. Nd2 e5 5. e4 dxe4 6. dxe4 Bg4 7. Ne2 Bc5 8. h3
Bh5 9. O-O O-O 10. g4 Bg6 11. Ng3 Nfd7 12. c3 a5 13. Nc4 Qe7 14. a4 Nb6 15.
Nxb6 Bxb6 16. g5 Qe6 17. h4 f6 18. Kh2 fxg5 19. Bh3 Qc4 20. Bxg5 Na6 21. h5 Be8
22. h6 Rxf2+ 23. Rxf2 Bxf2 24. Nf5 Bc5 25. hxg7 Qxe4 26. Qb3+ Qd5 27. Qxb7 Nc7
28. Qxc7 Bf7 29. Rf1 1-0

[Event "AUT-chT 2001-2002"]
[Site ""]
[Date "2001.10.31"]
[Round "1.5.4"]
[White "DRUCKENTHANER, Andreas"]
[Black "NEUBAUER, Martin"]
[Result "1/2-1/2"]
[WhiteElo "2330"]
[BlackElo "2434"]
[PlyCount "40"]
[EventDate "2001.10.31"]

1. e4 Nf6 2. e5 Nd5 3. Nc3 Nxc3 4. dxc3 d6 5. Nf3 Nc6 6. Bc4 dxe5 7. Qxd8+ Nxd8
8. Nxe5 f6 9. Nd3 e5 10. Be3 Be6 11. Bb3 Bd6 12. c4 c6 13. O-O Ke7 14. a4 Bf5
15. c5 Bc7 16. a5 a6 17. f4 Bxd3 18. cxd3 Ne6 19. f5 Nd4 20. Bxd4 exd4 1/2-1/2

[Event "AUT-chT 2001-2002"]
[Site ""]
[Date "2001.10.31"]
[Round "1.5.5"]
[White "GANAUS, Hannes"]
[Black "OPL, Klaus"]
[Result "1-0"]
[WhiteElo "2364"]
[BlackElo "2263"]
[PlyCount "45"]
[EventDate "2001.10.31"]

1. d4 d5 2. c4 c6 3. Nf3 Nf6 4. e3 e6 5. Qc2 Nbd7 6. Bd3 Bd6 7. O-O O-O 8. Nc3
Re8 9. Bd2 a6 10. Rad1 e5 11. cxd5 cxd5 12. e4 exd4 13. Nxd5 Ng4 14. Bg5 f6 15.
Bh4 Nc5 16. h3 Nxd3 17. Rxd3 Ne5 18. Nxe5 Bxe5 19. f4 Bb8 20. Kh1 Rxe4 21.
Nxf6+ gxf6 22. Rg3+ Kh8 23. Bxf6+ 1-0

[Event "AUT-chT 2001-2002"]
[Site ""]
[Date "2001.10.31"]
[Round "1.5.6"]
[White "PETERWAGNER, Heinz"]
[Black "NEUMEIER, Klaus"]
[Result "1-0"]
[WhiteElo "2226"]
[BlackElo "2344"]
[PlyCount "63"]
[EventDate "2001.10.31"]

1. e4 c5 2. Nc3 Nc6 3. g3 g6 4. Bg2 Bg7 5. Nge2 e6 6. O-O Nge7 7. d3 O-O 8. Be3
Nd4 9. Qd2 d5 10. Nf4 Nxc2 11. Qxc2 d4 12. Bd2 dxc3 13. bxc3 Qd7 14. Be3 b6 15.
Rfd1 Nc6 16. d4 cxd4 17. cxd4 Nxd4 18. Bxd4 Bxd4 19. e5 Rb8 20. Bc6 Qd8 21.
Rac1 f6 22. Nxg6 Rf7 23. Qe4 f5 24. Rxd4 Qg5 25. Qf4 Qxg6 26. Be8 Bb7 27. Bxf7+
Qxf7 28. Qg5+ Qg7 29. Rd8+ Rxd8 30. Qxd8+ Qf8 31. Qxf8+ Kxf8 32. Rc7 1-0

[Event "AUT-chT 2001-2002"]
[Site ""]
[Date "2001.10.31"]
[Round "1.6.1"]
[White "UHLMANN, Wolfgang"]
[Black "STOHL, Igor"]
[Result "1/2-1/2"]
[WhiteElo "2473"]
[BlackElo "2534"]
[PlyCount "30"]
[EventDate "2001.10.31"]

1. c4 c5 2. Nf3 Nf6 3. Nc3 Nc6 4. g3 d5 5. cxd5 Nxd5 6. Bg2 Nc7 7. Qa4 Bd7 8.
Qh4 e5 9. Qxd8+ Rxd8 10. O-O Be7 11. b3 b6 12. Bb2 O-O 13. Rfd1 Rfe8 14. d3 Bf8
15. Rac1 Nd4 1/2-1/2

[Event "AUT-chT 2001-2002"]
[Site ""]
[Date "2001.10.31"]
[Round "1.6.2"]
[White "VAN DER WIEL, John"]
[Black "WEGENER, Dirk"]
[Result "1/2-1/2"]
[WhiteElo "2495"]
[BlackElo "2345"]
[PlyCount "27"]
[EventDate "2001.10.31"]

1. e4 e6 2. d4 d5 3. Nc3 Bb4 4. exd5 exd5 5. Bd3 Nf6 6. Bg5 O-O 7. Qf3 Bg4 8.
Qg3 Bh5 9. Nh3 Re8+ 10. Kf1 Bg6 11. Nf4 Bxd3+ 12. Nxd3 Bxc3 13. bxc3 Nbd7 14.
f3 1/2-1/2

[Event "AUT-chT 2001-2002"]
[Site ""]
[Date "2001.10.31"]
[Round "1.6.4"]
[White "LENDWAI, Reinhard"]
[Black "BAUMGARTNER, Heinz"]
[Result "1/2-1/2"]
[WhiteElo "2372"]
[BlackElo "2350"]
[PlyCount "60"]
[EventDate "2001.10.31"]

1. e4 e5 2. Nf3 Nc6 3. Bb5 a6 4. Ba4 d6 5. c3 Nf6 6. Qe2 Bd7 7. O-O Be7 8. d4
O-O 9. d5 Nb8 10. Bxd7 Nbxd7 11. c4 b5 12. cxb5 axb5 13. b4 Nb6 14. Nc3 Na4 15.
Nxa4 Rxa4 16. Qxb5 Qa8 17. Qc4 Rc8 18. Bd2 c5 19. Rfc1 Rb8 20. Rab1 Nd7 21. Rb2
h6 22. h3 Bd8 23. Qc2 cxb4 24. Qc6 Qxc6 25. dxc6 Nc5 26. Rc4 Na6 27. Be3 Kf8
28. Kf1 Ke8 29. Ke2 Rc8 30. g3 Ra8 1/2-1/2

[Event "AUT-chT 2001-2002"]
[Site ""]
[Date "2001.10.31"]
[Round "1.6.5"]
[White "NIEDERMAYR, Horst"]
[Black "MAHDY, Khaled"]
[Result "1/2-1/2"]
[WhiteElo "2178"]
[BlackElo "2352"]
[PlyCount "25"]
[EventDate "2001.10.31"]

1. e4 d6 2. d4 g6 3. h4 Nf6 4. Nc3 c6 5. Be2 h6 6. Be3 Qa5 7. Qd2 b5 8. e5 b4
9. exf6 bxc3 10. Qxc3 Qxc3+ 11. bxc3 exf6 12. Nf3 Nd7 13. a4 1/2-1/2